00616nam a2200229 a 4500001001300000003000900013005001700022008004100039020000800080082001700088100002100105245001800126260003400144300000900178500003500187505001700222700002100239902000800260942000700268952009600275999001500371nice12345678IN_TiNIC20260116012930.0050524s1918 teha grs 000 0 31g  ac000a891.51bSAF2 aSafa, Zabihullah aGanj-E-Sukhan aTehranbDanishgah Pressc1918 a330p aincludes index and biblioraphy2 aBibliography1 aSafa, Zabihullah bSRS cPS 00104070aHMIbHMId2005-05-24g0.00l0o891.51 SAF2p13844r2005-05-24w2026-01-16yARB c8949d8949